Adivinacuentos / (Registro nro. 3968)

Detalles MARC
000 -LEADER
fixed length control field 01262nam a2200265Ia 4500
003 - CONTROL NUMBER IDENTIFIER
control field OSt
005 - DATE AND TIME OF LATEST TRANSACTION
control field 20200402130628.0
008 - FIXED-LENGTH DATA ELEMENTS--GENERAL INFORMATION
fixed length control field 191128s2009 ck a ar 000 j spa d
020 ## - INTERNATIONAL STANDARD BOOK NUMBER
International Standard Book Number 9789581414475
040 ## - CATALOGING SOURCE
Original cataloging agency CO-JMCR
Transcribing agency CO-JMCR
041 0# - LANGUAGE CODE
Language code of text/sound track or separate title spa
082 04 - DEWEY DECIMAL CLASSIFICATION NUMBER
Classification number C /
Item number CONa
100 1# - MAIN ENTRY--PERSONAL NAME
Personal name Concha, Berta Inés,
Relator term autora
9 (RLIN) 2439
245 10 - TITLE STATEMENT
Title Adivinacuentos /
Statement of responsibility, etc. Berta Inés Concha ; ilustraciones Virginia Donoso
250 ## - EDITION STATEMENT
Edition statement Primera edición
260 ## - PUBLICATION, DISTRIBUTION, ETC.
Place of publication, distribution, etc. Bogotá :
Name of publisher, distributor, etc. Plaza & Janés,
Date of publication, distribution, etc. 2015
300 ## - PHYSICAL DESCRIPTION
Extent 39 páginas :
Other physical details ilustraciones a color ;
Dimensions 23 cm.
490 0# - SERIES STATEMENT
Series statement Leer es mi cuento
505 ## - FORMATTED CONTENTS NOTE
Formatted contents note La sirenita -- El patito feo -- Hansel y Gretel -- Los tres chanchitos -- Pinocho -- El soldadito de plomo -- Ricitos de oro -- Pulgarcito -- Caperucita roja -- El gigante egoísta -- Los músicos de Bremen -- La bella durmiente
520 0# - SUMMARY, ETC.
Summary, etc. Los cuentos son como las personas: te dicen algunas cosas en voz alta y otras te las enseñan sin palabras, porque te invitan a descubrirlas o a imaginarlas. Entonces, si se conocen bien los cuentos, puedes daarte el lujo de jugar con ellos.
521 ## - TARGET AUDIENCE NOTE
Target audience note Recomendado de 6 a 8 años.
650 ## - SUBJECT ADDED ENTRY--TOPICAL TERM
Topical term or geographic name entry element Adivinanzas infantiles
General subdivision cuentos
9 (RLIN) 2440
700 ## - ADDED ENTRY--PERSONAL NAME
Personal name Donoso, Virginia,
Relator term ilustradora
9 (RLIN) 2441
942 ## - ADDED ENTRY ELEMENTS (KOHA)
Source of classification or shelving scheme Dewey Decimal Classification
Koha item type Books
Existencias
Withdrawn status Lost status Source of classification or shelving scheme Damaged status Not for loan Home library Current library Date acquired Source of acquisition Cost, normal purchase price Total Checkouts Total Renewals Full call number Barcode Date last seen Date last checked out Copy number Koha item type
    Dewey Decimal Classification     Biblioteca Pública José María del Castillo y Rada Biblioteca Pública José María del Castillo y Rada 11/28/2019 Donación 0.00 25 2 C / CONa 201808775 02/19/2026 02/19/2026 Ej.1 Books